The cambridge atlas of astronomy / (Record no. 28953)

000 -LEADER
fixed length control field 00736 a2200205 4500
020 ## - INTERNATIONAL STANDARD BOOK NUMBER
International Standard Book Number 0521434386
020 ## - INTERNATIONAL STANDARD BOOK NUMBER
International Standard Book Number 9780521434386
082 04 - DEWEY DECIMAL CLASSIFICATION NUMBER
Classification number 520
090 ## - LOCALLY ASSIGNED LC-TYPE CALL NUMBER (OCLC); LOCAL CALL NUMBER (RLIN)
-- 318
-- 318
100 ## - MAIN ENTRY--PERSONAL NAME
Personal name Audouze, Jean
245 14 - TITLE STATEMENT
Title The cambridge atlas of astronomy /
Statement of responsibility, etc. Jean Audouze, Guy Israel.
250 ## - EDITION STATEMENT
Edition statement 3rd ed.
260 ## - PUBLICATION, DISTRIBUTION, ETC.
Place of publication, distribution, etc. [S.l.] :
Name of publisher, distributor, etc. Cambridge University Press,
Date of publication, distribution, etc. 1994.
300 ## - PHYSICAL DESCRIPTION
Extent 471 p. ;
Dimensions 37 cm.
700 1# - ADDED ENTRY--PERSONAL NAME
Personal name Audouze, Jean.
700 1# - ADDED ENTRY--PERSONAL NAME
Personal name Israel, Guy.
942 ## - ADDED ENTRY ELEMENTS (KOHA)
Institution code [OBSOLETE] SNS
Koha item type Book
Call number prefix 520 AUD
Holdings
Withdrawn status Lost status Damaged status Not for loan Permanent Location Current Location Date acquired Total Checkouts Full call number Barcode Date last seen Price effective from Koha item type
        School of Natural Sciences (SNS) School of Natural Sciences (SNS) 05/26/2016   520 AUD SNS0000227 05/26/2016 05/26/2016 Book
        School of Natural Sciences (SNS) School of Natural Sciences (SNS) 05/26/2016   520 AUD SNS0000244 05/26/2016 05/26/2016 Book
© 2023 Central Library, National University of Sciences and Technology. All Rights Reserved.